[Event "Rome Elo op 4th"]
[Site "Rome"]
[Date "2009.06.17"]
[Round "7"]
[White "Carotenuto, Piero"]
[Black "Ruotolo, Claudio"]
[Result "1/2-1/2"]
[WhiteElo "1724"]
[BlackElo "1781"]
[PlyCount "50"]
[EventDate "2009.05.06"]
[EventType "swiss"]
[EventRounds "7"]
[EventCountry "ITA"]
[SourceTitle "EXT 2011"]
[Source "ChessBase"]
[SourceDate "2010.11.26"]
[SourceVersion "1"]
[SourceVersionDate "2010.11.26"]
[SourceQuality "1"]

1. e4 e5 2. Nf3 Nc6 3. Bb5 f5 4. d3 fxe4 5. dxe4 Bc5 6. 0-0 Nf6 7. Nc3 d6 8. Bg5 h6 9. Bxf6 Qxf6 10. Nd5 Qd8 11. b4 Bb6 12. Nxb6 axb6 13. Qd5 Bd7 14. Bc4 Qf6 15. b5 Na5 16. Be2 Be6 17. Qd2 0-0 18. Ne1 Qg6 19. Qe3 Rf4 20. f3 Bc4 21. Bxc4+ Nxc4 22. Qb3 Qf7 23. Nd3 Nd2 24. Qxf7+ Rxf7 25. Rfd1 Nc4 1/2-1/2

[Event "Rome Elo op 4th"]
[Site "Rome"]
[Date "2009.05.27"]
[Round "4"]
[White "Ruotolo, Claudio"]
[Black "Sinbaldi, Francesco"]
[Result "1-0"]
[WhiteElo "1781"]
[BlackElo "1407"]
[PlyCount "59"]
[EventDate "2009.05.06"]
[EventType "swiss"]
[EventRounds "7"]
[EventCountry "ITA"]
[SourceTitle "EXT 2011"]
[Source "ChessBase"]
[SourceDate "2010.11.26"]
[SourceVersion "1"]
[SourceVersionDate "2010.11.26"]
[SourceQuality "1"]

1. f4 d6 2. Nf3 g6 3. b3 Bg7 4. Nc3 Nc6 5. e3 e6 6. Bb2 e5 7. fxe5 dxe5 8. Bb5 Bd7 9. 0-0 Nce7 10. Bxd7+ Qxd7 11. Na4 Qd6 12. Qc1 Nc6 13. Ba3 Qd7 14. Nc5 Qc8 15. Bb2 b6 16. Nd3 f6 17. Nf2 Nge7 18. d4 0-0 19. c4 Bh6 20. Qc3 Nf5 21. Rfe1 Bxe3 22. Rxe3 Nxe3 23. Qxe3 exd4 24. Nxd4 Nxd4 25. Qxd4 Qd8 26. Qf4 Qe7 27. Ne4 f5 28. Ng3 Qd7 29. Qe5 Rf7 30. Qh8# 1-0

[Event "Rome FIDE op 9th"]
[Site "Rome"]
[Date "2009.05.16"]
[Round "2"]
[White "Ruotolo, Claudio"]
[Black "Gerlando, Onofrio"]
[Result "1-0"]
[WhiteElo "1781"]
[BlackElo "1642"]
[PlyCount "93"]
[EventDate "2009.05.15"]
[EventType "swiss"]
[EventRounds "5"]
[EventCountry "ITA"]
[SourceTitle "EXT 2011"]
[Source "ChessBase"]
[SourceDate "2010.11.26"]
[SourceVersion "1"]
[SourceVersionDate "2010.11.26"]
[SourceQuality "1"]

1. c4 e6 2. g3 d6 3. Bg2 Ne7 4. Nc3 g6 5. e4 Bg7 6. Nge2 Nd7 7. d4 0-0 8. 0-0 a6 9. Be3 Nb6 10. b3 Nd7 11. Qd2 Rb8 12. Rab1 b5 13. f4 b4 14. Nd1 f5 15. Nf2 Qe8 16. e5 Rf7 17. Nd3 a5 18. a3 bxa3 19. Qxa5 Nb6 20. Qxa3 Bb7 21. Bxb7 Rxb7 22. exd6 cxd6 23. Qxd6 Rf6 24. Ne5 Bf8 25. Bf2 Ned5 26. Qc6 Qxc6 27. Nxc6 Ne7 28. Nxe7+ Bxe7 29. Nc3 Rf8 30. c5 Nd5 31. Nxd5 exd5 32. b4 Rfb8 33. Be1 Bf6 34. Bc3 Ra7 35. b5 Ra3 36. Ba1 Ra4 37. Rfd1 Ra5 38. c6 Bd8 39. Rdc1 Bc7 40. Rc5 Rba8 41. Bc3 Ra2 42. b6 Rb8 43. Rcb5 Re8 44. bxc7 Ree2 45. c8Q+ Kg7 46. R5b2 Raxb2 47. Rxb2 1-0

[Event "Rome FIDE op 9th"]
[Site "Rome"]
[Date "2009.05.15"]
[Round "1"]
[White "Malloni, Marcello"]
[Black "Ruotolo, Claudio"]
[Result "1-0"]
[WhiteElo "2278"]
[BlackElo "1781"]
[PlyCount "69"]
[EventDate "2009.05.15"]
[EventType "swiss"]
[EventRounds "5"]
[EventCountry "ITA"]
[SourceTitle "EXT 2011"]
[Source "ChessBase"]
[SourceDate "2010.11.26"]
[SourceVersion "1"]
[SourceVersionDate "2010.11.26"]
[SourceQuality "1"]

1. e4 e5 2. Nc3 Nc6 3. Bc4 Nf6 4. d3 h6 5. f4 Bc5 6. Nf3 d6 7. Na4 Bb6 8. Nxb6 axb6 9. 0-0 Qe7 10. c3 0-0 11. Bb3 Bd7 12. fxe5 dxe5 13. Kh1 Rad8 14. Qe1 Na5 15. Bc2 Bb5 16. b4 Nc6 17. c4 Nxb4 18. Ba3 Nxc2 19. Bxe7 Nxe1 20. Raxe1 Rxd3 21. Bxf8 Bxc4 22. Nxe5 Ba6 23. Nxd3 Bxd3 24. Rxf6 gxf6 25. Bxh6 c5 26. Kg1 c4 27. Bd2 Kg7 28. Kf2 b5 29. Ke3 f5 30. e5 f6 31. e6 Kf8 32. Bb4+ Ke8 33. Kf4 b6 34. Re3 Bb1 35. Rg3 1-0

[Event "Rome d'Inverno op"]
[Site "Rome"]
[Date "2009.02.08"]
[Round "4"]
[White "Gatta, Flavio"]
[Black "Ruotolo, Claudio"]
[Result "1/2-1/2"]
[WhiteElo "1759"]
[BlackElo "1757"]
[PlyCount "104"]
[EventDate "2009.02.06"]
[EventType "swiss"]
[EventRounds "5"]
[EventCountry "ITA"]
[SourceTitle "EXT 2011"]
[Source "ChessBase"]
[SourceDate "2010.11.26"]
[SourceVersion "1"]
[SourceVersionDate "2010.11.26"]
[SourceQuality "1"]

1. c4 d6 2. Nc3 e5 3. e4 Nf6 4. d4 Nbd7 5. d5 Be7 6. Bd3 c6 7. h3 a6 8. Be3 cxd5 9. cxd5 b5 10. Nf3 Bb7 11. 0-0 b4 12. Na4 Bxd5 13. exd5 e4 14. Bc2 exf3 15. Qxf3 0-0 16. b3 Rc8 17. Rac1 Ne5 18. Qd1 Qa5 19. Nb6 Rb8 20. f4 Ng6 21. f5 Ne5 22. Na4 Nxd5 23. Bd4 Bf6 24. Be4 Nc3 25. Nxc3 bxc3 26. Bxc3 Qxa2 27. Qxd6 Rfd8 28. Qc7 Rbc8 29. Qb6 Nd7 30. Qb4 a5 31. Qxa5 Qxb3 32. Bxf6 Nxf6 33. Rxc8 Rxc8 34. Bf3 Qe3+ 35. Kh1 h5 36. Qa6 Rc1 37. Rxc1 Qxc1+ 38. Kh2 Qf4+ 39. Kg1 Qxf5 40. Qa8+ Kh7 41. Qb7 Qe6 42. Qb1+ g6 43. Qd1 Kg7 44. Qd4 Qe1+ 45. Kh2 h4 46. Qb2 Qg3+ 47. Kg1 Qf4 48. Qc3 Kh6 49. Qc8 Kg7 50. Qc3 Qb8 51. Qd4 Qg3 52. Qc3 Qf4 1/2-1/2

[Event "Rome d'Inverno op"]
[Site "Rome"]
[Date "2009.02.07"]
[Round "2"]
[White "Bernardinetti, Luca"]
[Black "Ruotolo, Claudio"]
[Result "1/2-1/2"]
[WhiteElo "1554"]
[BlackElo "1757"]
[PlyCount "31"]
[EventDate "2009.02.06"]
[EventType "swiss"]
[EventRounds "5"]
[EventCountry "ITA"]
[SourceTitle "EXT 2011"]
[Source "ChessBase"]
[SourceDate "2010.11.26"]
[SourceVersion "1"]
[SourceVersionDate "2010.11.26"]
[SourceQuality "1"]

1. e4 e5 2. Nf3 Nc6 3. Bb5 Nf6 4. d4 exd4 5. e5 Ne4 6. Nxd4 Be7 7. Bxc6 bxc6 8. 0-0 Bc5 9. Be3 0-0 10. f3 Ng5 11. Qd2 Ne6 12. Nxe6 Bxe3+ 13. Qxe3 fxe6 14. Nd2 Qe7 15. Nb3 Qb4 16. f4 1/2-1/2

[Event "Rome Elo op 2nd"]
[Site "Rome"]
[Date "2009.01.21"]
[Round "2"]
[White "Mammoliti, Francesco"]
[Black "Ruotolo, Claudio"]
[Result "0-1"]
[WhiteElo "1752"]
[BlackElo "1757"]
[PlyCount "50"]
[EventDate "2009.01.14"]
[EventType "swiss"]
[EventRounds "7"]
[EventCountry "ITA"]
[SourceTitle "EXT 2011"]
[Source "ChessBase"]
[SourceDate "2010.11.26"]
[SourceVersion "1"]
[SourceVersionDate "2010.11.26"]
[SourceQuality "1"]

1. d4 e6 2. c4 f5 3. Nf3 Nf6 4. Bg5 c6 5. Nbd2 d5 6. e3 Bd6 7. Bd3 0-0 8. 0-0 Nbd7 9. Rc1 h6 10. Bxf6 Nxf6 11. Qb3 Kh8 12. Bb1 Qe8 13. h3 Qh5 14. Qc2 g5 15. Ne5 g4 16. hxg4 Nxg4 17. Nxg4 Qxg4 18. f4 Rg8 19. Rf2 Bd7 20. Nf3 Qg3 21. Qd2 Be8 22. Bd3 h5 23. Nh2 h4 24. Rf3 Qg7 25. Rh3 Be7 0-1

[Event "Rome Accademia op"]
[Site "Rome"]
[Date "2007.02.04"]
[Round "4"]
[White "Failli, Riccardo"]
[Black "Ruotolo, Claudio"]
[Result "1-0"]
[WhiteElo "1943"]
[BlackElo "1837"]
[PlyCount "69"]
[EventDate "2007.02.02"]
[EventType "swiss"]
[EventRounds "5"]
[EventCountry "ITA"]
[SourceTitle "EXT 2008"]
[Source "ChessBase"]
[SourceDate "2007.11.25"]
[SourceVersion "1"]
[SourceVersionDate "2007.11.25"]
[SourceQuality "1"]

1. e4 g6 2. d4 Bg7 3. f4 c6 4. Nf3 d5 5. e5 Nh6 6. Bd3 Bg4 7. h3 Bxf3 8. Qxf3 Qb6 9. c3 e6 10. 0-0 Nd7 11. g4 0-0-0 12. a4 a5 13. b4 f6 14. bxa5 Qxa5 15. exf6 Bxf6 16. g5 Bxd4+ 17. cxd4 Qb6 18. Rf2 Nf7 19. a5 Qa7 20. a6 b6 21. Nc3 Rdf8 22. Qe2 Nd8 23. Qa2 Kb8 24. Ba3 Re8 25. Bd6+ Ka8 26. Rff1 Nb8 27. Be5 Rhf8 28. Rfb1 Nd7 29. Bd6 Rf7 30. Ne4 Rg7 31. Qb3 Nf7 32. Ba3 Rb8 33. Rc1 c5 34. Bb5 cxd4 35. Bc6+ 1-0

[Event "Rome Accademia op"]
[Site "Rome"]
[Date "2007.02.03"]
[Round "2"]
[White "Giorni, Moreno"]
[Black "Ruotolo, Claudio"]
[Result "1-0"]
[WhiteElo "1946"]
[BlackElo "1837"]
[PlyCount "109"]
[EventDate "2007.02.02"]
[EventType "swiss"]
[EventRounds "5"]
[EventCountry "ITA"]
[SourceTitle "EXT 2008"]
[Source "ChessBase"]
[SourceDate "2007.11.25"]
[SourceVersion "1"]
[SourceVersionDate "2007.11.25"]
[SourceQuality "1"]

1. d4 d6 2. c4 Nf6 3. Nc3 Nbd7 4. e4 e5 5. d5 Be7 6. Nf3 c6 7. Be2 0-0 8. 0-0 a5 9. b3 Ne8 10. Be3 g6 11. Ne1 Ng7 12. a3 f5 13. f3 Nf6 14. Nd3 f4 15. Bf2 Bd7 16. b4 axb4 17. axb4 Rxa1 18. Qxa1 cxd5 19. cxd5 Qa8 20. Qb2 b5 21. Ra1 Qb7 22. Ra7 Qb8 23. Qa1 Rc8 24. Nc1 Bd8 25. Ra6 Qc7 26. Ra3 g5 27. Kf1 h5 28. Ke1 g4 29. Kd2 h4 30. Ra7 Qb8 31. Qa6 Ngh5 32. Rb7 Qa8 33. Qxa8 Rxa8 34. Bxb5 Bxb5 35. Nxb5 Nxe4+ 36. fxe4 Bg5 37. Kc2 f3 38. gxf3 g3 39. Bxg3 Nxg3 40. Nxd6 Bxc1 41. Kxc1 Ra1+ 42. Kb2 Rh1 43. Nf5 Rxh2+ 44. Kb3 Nxf5 45. exf5 Rd2 46. Kc4 h3 47. Ra7 h2 48. Ra1 Kf7 49. Ra7+ Kf6 50. Rh7 Kg5 51. Kc5 Kxf5 52. Kc6 Kg6 53. Rh3 Rc2+ 54. Kd7 Kf6 55. b5 1-0